00285nam a2200109Ia 4500008004100000082001300041100001800054245002700072260004800099300001000147700001800157150201s2001 xx 000 0 und d a671bWAG aWagoner, R. H aMetal forming analysis bCambridge University PressaNew Delhic2001 a376p. aChenot, J. L.